Poľnohospodári tlačia na zníženie DPH, aj keď cenová dráma sa nekoná
Rast cien potravín po vstupe do EÚ. Poľnohospodári tlačia na zníženie DPH na "základné potraviny". Údaje Štatistického úradu SR nekorešpondujú s názorom poľnohospodárov. Problém s niektorými komoditami - napr. maslo. Názory rôznych odborníkov na cenový vývoj potravín po vstupe do EÚ. Otázkou zostáva...
Gespeichert in:
| 1. Verfasser: | |
|---|---|
| Format: | Buchkapitel |
| Sprache: | Slowakisch |
| Schlagworte: | |
| Tags: |
Keine Tags, Fügen Sie das erste Tag hinzu!
|
MARC
| LEADER | 00000naa$a2200000$$$4500 | ||
|---|---|---|---|
| 001 | 0013509 | ||
| 005 | 20231009075005.3 | ||
| 041 | 0 | |a slo | |
| 044 | |a SK | ||
| 245 | 1 | 0 | |a Poľnohospodári tlačia na zníženie DPH, aj keď cenová dráma sa nekoná |c aut. Rado Baťo |
| 520 | |a Rast cien potravín po vstupe do EÚ. Poľnohospodári tlačia na zníženie DPH na "základné potraviny". Údaje Štatistického úradu SR nekorešpondujú s názorom poľnohospodárov. Problém s niektorými komoditami - napr. maslo. Názory rôznych odborníkov na cenový vývoj potravín po vstupe do EÚ. Otázkou zostáva aký by malo zníženie DPH skutočný dopad na ceny potravín. | ||
| 610 | 2 | 0 | |a potraviny |
| 610 | 2 | 0 | |a ceny |
| 610 | 2 | 0 | |a dane z hodnoty pridanej |
| 610 | 2 | 0 | |a znižovanie cien |
| 610 | 2 | 0 | |a integrácia ekonomická medzinárodná |
| 610 | 2 | 0 | |a Slovensko |
| 610 | 2 | 0 | |a Európska únia |
| 100 | 1 | |a Baťo, Rado | |